| 000 | 00372nam a2200145Ia 4500 | ||
|---|---|---|---|
| 008 | 230711s9999||||xx |||||||||||||| ||und|| | ||
| 041 | _aENG | ||
| 082 |
_a4 _bJA-C |
||
| 100 | _aJain,MK | ||
| 245 | 0 | _aComputational methods for partial differential equations | |
| 250 | _a1st Ed. | ||
| 260 |
_c1993 _aNew Delhi _bPradeep publishers |
||
| 650 | _aMathematics | ||
| 942 | _cBK | ||
| 999 |
_c2998 _d2998 |
||